Biblioteca

Commentary on Exodus (Registro nro. 67868)

Detalles MARC
000 -LÍDER
Campo fijo de descripción fija 02022cam a2200373 i 4500
001 - NÚMERO DE CONTROL
Campo de control 768714001
003 - IDENTIFICADOR DEL NÚMERO DE CONTROL
Campo de control CO-MdFUSB
005 - FECHA Y HORA DE LA ULTIMA TRANSACCIÓN
control field 20220707104038.0
007 - CAMPO FIJO DE DESCRIPCIÓN FIJA--INFORMACIÓN GENERAL
Campo fijo de descripción fija ta
008 - ELEMENTOS DE LONGITUD FIJA -- INFORMACIÓN GENERAL
Campo fijo de descripción fija -- Información general 110527t2012 miu b 001 0 eng
020 ## - NÚMERO INTERNACIONAL NORMALIZADO PARA LIBROS
Número Internacional Normalizado del libro 9780802826176
040 ## - FUENTE DE CATALOGACIÓN
Agencia de catalogación original DLC
Idioma de catalogación eng
Agencia que realiza la transcripción CO-MdFUSB
Agencia que realiza la modificación YDX
-- BTCTA
-- UKMGB
-- BDX
-- GGB
-- YDXCP
-- DTM
-- BWX
-- DLC
Convenciones de la descripción rda
041 0# - CÓDIGO DE IDIOMA
Código de idioma para texto/pista de sonido o título separado eng
-- heb
042 ## - AUTHENTICATION CODE
Authentication code pcc
082 ## - NÚMERO DE CLASIFICACIÓN DECIMAL DEWEY
Número de clasificación 222.1207
Número de la edición del Dewey 23
Clave de autor-Numero de item D755
100 ## - ASIENTO PRINCIPAL--NOMBRE PERSONAL
Nombre personal Dozeman, Thomas B.
Término relacionador autor
245 10 - TÍTULO
Título del Material Commentary on Exodus
Mención de responsabilidad, etc. / Thomas B. Dozeman
264 #1 - PRODUCCIÓN, PUBLICACIÓN, DISTRIBUCIÓN, MANUFACTURA, Y COPYRIGHT
Lugar de producción, publicación, distribución, manufactura Grand Rapids, Mich. :
Nombre del productor, publicador, distribuidor Wm. B. Eerdmans Publishing Company,
Fecha de producción, publicación, distribución, manufactura, o copyright [2009]
264 #4 - PRODUCCIÓN, PUBLICACIÓN, DISTRIBUCIÓN, MANUFACTURA, Y COPYRIGHT
Fecha de producción, publicación, distribución, manufactura, o copyright © 2009
300 ## - DESCRIPCIÓN FÍSICA
Extensión 868 páginas ;
Dimensiones 24 cm.
336 ## - TIPO DE CONTENIDO
Fuente rdacontent
Término de tipo de contenido texto
Código de tipo de contenido txt
337 ## - TIPO DE MEDIO
Fuente rdamedia
Nombre del tipo de medio sin mediación
Código del tipo de medio n
338 ## - TIPO DE SOPORTE
Fuente rdacarrier
Nombre del tipo de soporte volumen
Código Tipo de soporte nc
490 1# - MENCIÓN DE SERIE
Mención de serie The Eerdmans Critical Commentary
504 ## - NOTA DE BIBLIOGRAFÍA, ETC.
Nota de bibliografía, etc Incluye referencias bibliográficas (p. 633-656) e índices.
505 ## - NOTA DE CONTENIDO
Nota de contenido con formato preestablecido Prefacio -- Abreviaturas -- Introducción -- Comentario. Parte 1: El poder de Yahvé en Egipto (1:1-15:21). Ambiente (1:1-2:25) --<br/>Personajes (3:1-7:7) -- Conflicto (7:8-15:21) -- Parte 2 : La presencia de Yahweh en el desierto (15:22 -40:38). Jornada (15,22-18,27) -- Apocalipsis (19,1-24,11) -- Santuario (24,12-40,38) -- Bibliografía -- Índice de temas -- Índice de autores -- Índice de palabras hebreas -- Índice de textos bíblicos y antiguos
520 ## - NOTA DE RESUMEN, ETC.
Nota de sumario, etc. "En este volumen, Thomas Dozeman presenta una nueva traducción del texto hebreo de Éxodo junto con una interpretación cuidadosa y crítica de sus temas centrales, la estructura literaria y la historia de la composición. Explora dos temas relacionados en la formación del libro de Éxodo: la identidad de Yahvé, el Dios de Israel, y la autoridad de Moisés, el líder del pueblo israelita. Dozeman aclara las múltiples
563 ## - NOTA DE ENCUADERNACIÓN
Nota de encuadernación Rústico
630 #7 - TITULO UNIFORME
Título uniforme Biblia.
Nombre de parte o sección de la obra Éxodo
Subdivisión de materia general Crítica, interpretación, etc.
830 #4 - PUNTO DE ACCESO ADICIONAL DE SERIE - TÍTULO UNIFORME
Título uniforme The Eerdmans Critical Commentary
942 ## - TIPO DE MATERIAL (KOHA)
Tipo de Item KOHA Libros de Referencia
945 ## - INFORMACIÓN LOCAL DEL REGISTRO
Catalogador JTF-925
Existencias
Estado de Material Estado de Perdido Forma de Clasificación Estado de Dañado No para Préstamo Colección Biblioteca de Origen Biblioteca Permanente Fecha de Adquisición Área Total de Préstamos Signatura Topográfica Código de Barras Última vez visto Ejemplar/Existencia Fecha de Remplazo Tipo de Material
    Dewey Decimal Classification     Colección de Referencia Biblioteca FUSBC Biblioteca FUSBC 13/05/2022 BIBLIA   R 222.1207 D755e 24816 12/06/2024 Ej. 1 13/05/2022 Libros de Referencia

Biblioteca FUSBC | Teléfono: (57+4) 349 88 10 Ext. 141| WhatsApp (+57) 3005338115 
E-mail: biblioteca@unisbc.edu.co | Calle 76 87-14 Robledo Palenque, Medellín, Colombia

Con tecnología Koha